00761nas a2200229Ia 4500001001100000003000900011008004100020040001300061040001300074041001300087100003800100210001600138222001600154245009500170250001100265260004500276501008600321300001000407310001700417362003800434650005900472R809/49999IT-RoPAU151124c99999999xx |||||||||||| ||und|| aIT-RoPAU cIT-RoPAU aITALIANO aAA.VV. gCodice Aut. SPICS: 12000 aDRAMMA (IL) aDramma (Il) aDRAMMA (IL), ANNO 13-N.268 (15 OTTOBRE 1937)bDramma (Il), Anno 13-N.268 (15 Ottobre 1937) a1a ed. aTORINObSOCIETA' EDITRICE TORINESEc1937 bPaulus - SPICS - Società San Paolo EM (non-commercial uses only)cCopyright2015 a40 p. aQUINDICINALE aANNO 013, N.268 (15 OTTOBRE 1937) aTEATRO - DANZA - DRAMMATURGIAvPUBBLICAZIONE PERIODICA